Entry Nombre personal
001 - NÚMERO DE CONTROL
- campo de control: 59706
003 - IDENTIFICADOR DE NÚMERO DE CONTROL
- campo de control: SpMaBN
005 - FECHA Y HORA DE LA ÚLTIMA TRANSACCIÓN
- campo de control: 20250716053406.0
008 - ELEMENTOS DE DATO DE LONGITUD-FIJA
- campo de control de longitud fija: 920819n| aijnnaabn |n aaa
016 ## - NÚMERO DE CONTROL DE UNA AGENCIA BIBLIOGRÁFICA NACIONAL
- Número de control del registro: BNE19925674462
024 7# - IDENTIFICADOR DE OTROS ESTÁNDARES
- Número estándar o código: http://viaf.org/viaf/85064176/
- Fuente: viaf
024 8# - IDENTIFICADOR DE OTROS ESTÁNDARES
- Número estándar o código: https://data.cervantesvirtual.com/person/132
024 7# - IDENTIFICADOR DE OTROS ESTÁNDARES
- Número estándar o código: https://isni.org/isni/0000000116809208
- Fuente: isni
024 7# - IDENTIFICADOR DE OTROS ESTÁNDARES
- Número estándar o código: http://www.wikidata.org/entity/Q5650072
- Fuente: wikidata
040 ## - FUENTE DE CATALOGACIÓN
- Centro catalogador/agencia de origen: SpMaBN
- Lengua de catalogación: spa
- Centro/agencia transcriptor: SpMaBN
- Normas de descripción: rdc
- Convención/Normas de encabezamiento de materia/tesauro: embne
046 ## - FECHAS CON CODIFICACIÓN ESPECIAL
- Fecha de nacimiento: 1826
- Fecha de la muerte: 1883
100 1# - ENCABEZAMIENTO-NOMBRE DE PERSONA
- Nombre de persona: Grassi, Ángela,
- Fechas asociadas al nombre: 1826-1883
370 ## - LUGAR ASOCIADO
- Lugar de nacimiento: Barcelona, España
- Fuente de información: (Wikidata)
- Número de control del registro de autoridad o número normalizado: XX450579
372 ## - CAMPO DE ACTIVIDAD
- Campo de actividad: Poesía
- Fuente de información: Wikidata
374 ## - OCUPACIÓN
- Ocupación: Escritores
- Fuente de información: Wikidata
375 ## - GÉNERO/SEXO
- Género: Femenino
377 ## - IDIOMA ASOCIADO
- Término de lengua/lenguaje: Catalán
- Término de lengua/lenguaje: Español
400 1# - TRAZADO DE VÉASE--NOMBRE DE PERSONA
- Nombre de persona: Grassi de Cuenca, Ángela,
- Fechas asociadas al nombre: 1826-1883
670 ## - FUENTE DE DATOS ENCONTRADOS
- Cita de la fuente: El copo de nieve, 1992
- Información encontrada: port. (Ángela Grassi) p. 20 (n. el 2 de agosto de 1823 en Cremà (Italia))
670 ## - FUENTE DE DATOS ENCONTRADOS
- Cita de la fuente: Espasa
- Información encontrada: (Grassi de Cuenca, Ángela; escritora española n. en Barcelona según unos y en Cremà (Italia) según otros en 1826... y m. en Madrid en 1883...)
670 ## - FUENTE DE DATOS ENCONTRADOS
- Cita de la fuente: Historia de la música militar de España, de Ricardo Fernández de Latorre, 2000
- Información encontrada: p. 291 ("Himno Guerrero Español" de Ángela Grassi y Evaristo Ciria)
856 4# - LOCALIZACIÓN Y ACCESO ELECTRÓNICOS
- Identificador Uniforme de Recursos: http://escritores.bne.es/web/authors/angela-grassi-1826-1883/
- Texto de enlace: Escritores en la BNE
